Improving the quality of higher education as a result of the harmonization of educational processes

Potreba zvyšovania kvality vzdelávania. Harmonizácia vzdelávania s EÚ - Boloňský proces. Hodnotenie kvality vzdelávania a tréningy pre vzdelávateľov a študentov.

Saved in:
Bibliographic Details
Main Author: Nižníková, Zuzana, 1986-
Other Authors: Stašková, Slavomíra, 1989-
Format: Book Chapter
Language:English
Subjects:
Tags: Add Tag
No Tags, Be the first to tag this record!

MARC

LEADER 00000nla a2200000 4500
001 0211373
005 20240502073526.3
041 0 |a eng 
044 |a SK 
245 1 0 |a Improving the quality of higher education as a result of the harmonization of educational processes  |c Zuzana Nižníková, Slavomíra Stašková 
520 |a Potreba zvyšovania kvality vzdelávania. Harmonizácia vzdelávania s EÚ - Boloňský proces. Hodnotenie kvality vzdelávania a tréningy pre vzdelávateľov a študentov. 
610 2 0 |a vzdelávanie vysokoškolské 
610 2 0 |a ekonomika znalostná 
610 2 0 |a harmonizácia 
610 2 0 |a kvalita vzdelávania 
100 1 |a Nižníková, Zuzana, 1986- 
700 1 |a Stašková, Slavomíra, 1989-